000
00339nam a2200145Ia 4500
008
210210b1976 xxu||||| |||| 00| 0 eng d
082
_a
301 MUKP
100
_a
MUKHI (H R).
245
_a
Principles of sociology.
250
_a
260
_a
Delhi
_b
Surjeet book depot
_c
1976
300
_a
vi,500
690
_a
Sociology
906
_a
037121
999
_c
86979
_d
86979